[Event "6. Torneo Distrito Chamartin 2017"]
[Site "Madrid ESP"]
[Date "2017.09.10"]
[Round "9.6"]
[White "Mkrtchyan, Levon"]
[Black "Solaesa Navalpotro, Luis Julio"]
[Result "1/2-1/2"]
[WhiteElo "1964"]
[BlackElo "2272"]
[PlyCount "83"]
[EventDate "2017.09.04"]
[EventType "swiss"]
[EventRounds "9"]
[EventCountry "ESP"]
[SourceTitle "Ajedrez en Madrid"]
[Source "lmi"]
[SourceDate "2017.09.04"]
[SourceVersion "1"]
[SourceVersionDate "2018.03.05"]
[SourceQuality "1"]

1. e4 e5 2. Nf3 Nc6 3. Bc4 Bc5 4. b4 Bxb4 5. c3 Bd6 6. d4 Nf6 7. O-O O-O 8. Re1
h6 9. Nbd2 Re8 10. Qb3 Qe7 11. Nh4 Na5 12. Qc2 Nxc4 13. Nxc4 Qe6 14. d5 Qg4 15.
Nxd6 Qxh4 16. Nxe8 Nxe8 17. Be3 d6 18. f3 Bd7 19. c4 b6 20. Qf2 Qe7 21. f4 Nf6
22. fxe5 dxe5 23. Qc2 c6 24. Rad1 Rc8 25. d6 Qe8 26. c5 b5 27. a4 a5 28. Bf2
Qe6 29. Ra1 b4 30. Rab1 Ra8 31. Bh4 Nh7 32. Rb3 Qe8 33. Bf2 f6 34. Reb1 Nf8 35.
Rg3 Be6 36. Be3 Kh7 37. Qf2 Nd7 38. Qd2 Qf7 39. Ra1 Qh5 40. Qd3 Qf7 41. Qd2 Qh5
42. Qd3 1/2-1/2

[Event "6. Torneo Distrito Chamartin 2017"]
[Site "Madrid ESP"]
[Date "2017.09.10"]
[Round "9.8"]
[White "Anton Quevedo, Andrea"]
[Black "Elissalt Cardenas, Hector"]
[Result "1/2-1/2"]
[WhiteElo "1954"]
[BlackElo "2360"]
[PlyCount "75"]
[EventDate "2017.09.04"]
[EventType "swiss"]
[EventRounds "9"]
[EventCountry "ESP"]
[SourceTitle "Ajedrez en Madrid"]
[Source "lmi"]
[SourceDate "2017.09.04"]
[SourceVersion "1"]
[SourceVersionDate "2018.03.05"]
[SourceQuality "1"]

1. e4 d6 2. d4 Nf6 3. Nc3 e5 4. Nf3 Nbd7 5. Be3 Be7 6. Bc4 O-O 7. O-O c6 8. Bb3
a5 9. a4 Qc7 10. Qe2 h6 11. h3 b6 12. Rfd1 Ba6 13. Bc4 Bxc4 14. Qxc4 Rac8 15.
Qb3 exd4 16. Bxd4 Nc5 17. Bxc5 bxc5 18. Qc4 Rb8 19. b3 Nd7 20. Rd2 Rb4 21. Qd3
Bf6 22. Re1 c4 23. bxc4 Nc5 24. Qe3 Rxc4 25. Nd4 Nxa4 26. Nxa4 Rxa4 27. Nf5 d5
28. exd5 Bg5 29. Qc3 Bf6 30. Qxc6 Qxc6 31. dxc6 Rc4 32. Rd6 Ra8 33. Nxh6+ gxh6
34. Rxf6 Kg7 35. Rd6 a4 36. Ra1 Rxc2 37. Ra3 Rc4 38. Rg3+ 1/2-1/2

[Event "6. Torneo Distrito Chamartin 2017"]
[Site "Madrid ESP"]
[Date "2017.09.10"]
[Round "9.9"]
[White "Alvarez Serrano, Carlos"]
[Black "Garcia Galeote, Lorenzo"]
[Result "1-0"]
[WhiteElo "2212"]
[BlackElo "1989"]
[PlyCount "107"]
[EventDate "2017.09.04"]
[EventType "swiss"]
[EventRounds "9"]
[EventCountry "ESP"]
[SourceTitle "Ajedrez en Madrid"]
[Source "lmi"]
[SourceDate "2017.09.04"]
[SourceVersion "1"]
[SourceVersionDate "2018.03.05"]
[SourceQuality "1"]

1. d4 g6 2. Nf3 Bg7 3. g3 d6 4. Bg2 Nc6 5. c4 e5 6. d5 Nce7 7. e4 h6 8. Nc3 f5
9. Qd3 Nf6 10. O-O O-O 11. Ne1 fxe4 12. Nxe4 Bf5 13. Nxf6+ Rxf6 14. Be4 Qd7 15.
Ng2 Bxe4 16. Qxe4 Qf5 17. f3 Raf8 18. Bd2 Qh5 19. f4 R6f7 20. Bc3 Qf5 21. Qe2
Qd7 22. fxe5 Rxf1+ 23. Rxf1 Rxf1+ 24. Qxf1 Bxe5 25. Bxe5 dxe5 26. Qf6 Qd6 27.
Qxd6 cxd6 28. g4 Kf7 29. Kf2 Kf6 30. Kf3 b5 31. b3 bxc4 32. bxc4 Nc8 33. h4 Nb6
34. Ne3 Na4 35. Nd1 Nb6 36. Nb2 h5 37. gxh5 gxh5 38. Ke4 Nd7 39. Nd3 Kg6 40.
Nb4 Nc5+ 41. Kf3 Kf5 42. Nc6 e4+ 43. Ke3 a5 44. Ne7+ Kg4 45. Nc8 Kxh4 46. Nxd6
Kg4 47. Nxe4 Nd7 48. c5 Kf5 49. c6 Nb6 50. Kd4 h4 51. d6 Ke6 52. Kc5 Na8 53.
Nf6 Kxf6 54. c7 1-0

[Event "6. Torneo Distrito Chamartin 2017"]
[Site "Madrid ESP"]
[Date "2017.09.10"]
[Round "9.10"]
[White "Cardena Contreras, Javier"]
[Black "Villar Reymundo, Juan Antonio"]
[Result "0-1"]
[WhiteElo "1925"]
[BlackElo "2204"]
[PlyCount "74"]
[EventDate "2017.09.04"]
[EventType "swiss"]
[EventRounds "9"]
[EventCountry "ESP"]
[SourceTitle "Ajedrez en Madrid"]
[Source "lmi"]
[SourceDate "2017.09.04"]
[SourceVersion "1"]
[SourceVersionDate "2018.03.05"]
[SourceQuality "1"]

1. e4 c5 2. Nf3 Nc6 3. d4 cxd4 4. Nxd4 Qb6 5. Nb3 Nf6 6. Nc3 e6 7. Be3 Qc7 8.
a3 Be7 9. Be2 O-O 10. O-O d6 11. f4 a6 12. g4 Re8 13. g5 Nd7 14. f5 Bf8 15. g6
hxg6 16. fxg6 fxg6 17. Qe1 Be7 18. Qg3 Nde5 19. Qf2 Rf8 20. Bb6 Qd7 21. Qg3 Bf6
22. Rad1 Qe7 23. Rd2 Bg5 24. Rxf8+ Kxf8 25. Rxd6 Qf6 26. Nd5 Qf7 27. Nc7 Bf4
28. Qh3 Rb8 29. Nxe6+ Kg8 30. Bc7 Qxc7 31. Nxc7 Bxh3 32. Nd5 Nf3+ 33. Bxf3 Bxd6
34. c4 Rf8 35. Nd2 Nd4 36. Bd1 Bc5 37. Ne3 Nc2 0-1

[Event "6. Torneo Distrito Chamartin 2017"]
[Site "Madrid ESP"]
[Date "2017.09.10"]
[Round "9.11"]
[White "Garcia Villalba, Daniel"]
[Black "Bustos Bernardo, Samuel"]
[Result "0-1"]
[WhiteElo "1827"]
[BlackElo "2096"]
[PlyCount "56"]
[EventDate "2017.09.04"]
[EventType "swiss"]
[EventRounds "9"]
[EventCountry "ESP"]
[SourceTitle "Ajedrez en Madrid"]
[Source "lmi"]
[SourceDate "2017.09.04"]
[SourceVersion "1"]
[SourceVersionDate "2018.03.05"]
[SourceQuality "1"]

1. e4 c5 2. Nf3 d6 3. Bc4 Nf6 4. d3 Nc6 5. c3 a6 6. Bb3 Bg4 7. O-O Ne5 8. Nxe5
dxe5 9. f3 Bd7 10. Be3 e6 11. Nd2 b5 12. Qe1 Bc6 13. Bc2 Bd6 14. Qf2 Qe7 15.
Nb3 Nd7 16. Na5 Rc8 17. Nxc6 Rxc6 18. a4 O-O 19. axb5 axb5 20. Ra5 Rb8 21. Rfa1
Qd8 22. Qe1 h6 23. R1a2 b4 24. Ba4 Qxa5 25. Bxc6 Qxa2 26. Bxd7 Qa7 27. cxb4
Rxb4 28. Qxb4 Qa1+ 0-1

[Event "6. Torneo Distrito Chamartin 2017"]
[Site "Madrid ESP"]
[Date "2017.09.10"]
[Round "9.12"]
[White "Santamaria Baeza, Adolfo"]
[Black "Lopez de Turiso, Jose Angel"]
[Result "1-0"]
[WhiteElo "1796"]
[BlackElo "2050"]
[PlyCount "89"]
[EventDate "2017.09.04"]
[EventType "swiss"]
[EventRounds "9"]
[EventCountry "ESP"]
[SourceTitle "Ajedrez en Madrid"]
[Source "lmi"]
[SourceDate "2017.09.04"]
[SourceVersion "1"]
[SourceVersionDate "2018.03.05"]
[SourceQuality "1"]

1. e4 e5 2. Nf3 Nc6 3. Bc4 Nf6 4. d3 Be7 5. a4 O-O 6. Bg5 d6 7. Nbd2 Nd7 8. Be3
Nb6 9. Bxb6 axb6 10. c3 Be6 11. O-O Bxc4 12. Nxc4 f5 13. Ne3 g6 14. exf5 gxf5
15. Nd2 Qd7 16. f4 exf4 17. Rxf4 Bg5 18. Rf3 Bxe3+ 19. Rxe3 f4 20. Rh3 Ra5 21.
d4 Rg5 22. Qf3 Kh8 23. Rf1 Ne7 24. Ne4 Rg7 25. b3 d5 26. Nd2 Ng6 27. Qh5 Rf5
28. Qe2 Re7 29. Qg4 Rg7 30. Rh5 Rxh5 31. Qxh5 Qe6 32. Nf3 Qe3+ 33. Kh1 Qxc3 34.
Qxd5 Qc6 35. Qf5 Qd7 36. Qe4 c6 37. Re1 Re7 38. Ne5 Nxe5 39. dxe5 Qd2 40. h3
Qd5 41. Qf5 Rf7 42. Qc8+ Kg7 43. Qg4+ Kh6 44. e6 Rf8 45. e7 1-0

[Event "6. Torneo Distrito Chamartin 2017"]
[Site "Madrid ESP"]
[Date "2017.09.10"]
[Round "9.13"]
[White "Gomez Ferrer, Jesus"]
[Black "Alcoz Coll, Gonzalo"]
[Result "1/2-1/2"]
[WhiteElo "2035"]
[BlackElo "1960"]
[PlyCount "92"]
[EventDate "2017.09.04"]
[EventType "swiss"]
[EventRounds "9"]
[EventCountry "ESP"]
[SourceTitle "Ajedrez en Madrid"]
[Source "lmi"]
[SourceDate "2017.09.04"]
[SourceVersion "1"]
[SourceVersionDate "2018.03.05"]
[SourceQuality "1"]

1. c4 e6 2. Nf3 d5 3. g3 c5 4. Bg2 Nc6 5. b3 Nf6 6. O-O Be7 7. Bb2 O-O 8. a3
Rb8 9. d3 b5 10. cxb5 Rxb5 11. Nbd2 Nd7 12. e4 Bf6 13. Bxf6 Qxf6 14. Qc2 Nde5
15. Nxe5 Nd4 16. Ng4 Nxc2 17. Nxf6+ gxf6 18. Ra2 Nd4 19. Rb2 Rd8 20. Re1 Kf8
21. h3 Rb6 22. Bf1 Ba6 23. Reb1 Rdb8 24. Kg2 Ke7 25. g4 Kd6 26. Kg3 Nb5 27. b4
cxb4 28. axb4 Nc3 29. Ra1 dxe4 30. Nc4+ Bxc4 31. dxc4 Rxb4 32. Rxb4 Rxb4 33.
Rxa7 Rb1 34. Bg2 Ne2+ 35. Kh2 Nf4 36. Bxe4 Rb3 37. Bg2 h5 38. Rxf7 Nxg2 39.
Kxg2 hxg4 40. hxg4 Ke5 41. f3 Rc3 42. Kg3 Rxc4 43. Rh7 Rc1 44. Rh5+ Kd6 45. Rh6
Ke7 46. Rh3 Kf7 1/2-1/2

[Event "6. Torneo Distrito Chamartin 2017"]
[Site "Madrid ESP"]
[Date "2017.09.10"]
[Round "9.14"]
[White "Ruiz Bellon, Manuel"]
[Black "Yingrui, Lin"]
[Result "0-1"]
[WhiteElo "1916"]
[BlackElo "2031"]
[PlyCount "50"]
[EventDate "2017.09.04"]
[EventType "swiss"]
[EventRounds "9"]
[EventCountry "ESP"]
[SourceTitle "Ajedrez en Madrid"]
[Source "lmi"]
[SourceDate "2017.09.04"]
[SourceVersion "1"]
[SourceVersionDate "2018.03.05"]
[SourceQuality "1"]

1. Nf3 d5 2. g3 Nf6 3. Bg2 c5 4. c4 e6 5. O-O Be7 6. d4 O-O 7. cxd5 exd5 8.
dxc5 Na6 9. Nc3 Nxc5 10. Nd4 Ne6 11. Nf5 d4 12. Nxe7+ Qxe7 13. Nd5 Nxd5 14.
Bxd5 Rd8 15. Bg2 Nc5 16. Qc2 Bg4 17. b4 Na6 18. b5 Nb4 19. Qd2 d3 20. exd3 Rxd3
21. Qf4 Be2 22. a4 Bxf1 23. Bxf1 Rd1 24. Kg2 Nc2 25. Ra2 Ne1+ 0-1

[Event "6. Torneo Distrito Chamartin 2017"]
[Site "Madrid ESP"]
[Date "2017.09.10"]
[Round "9.15"]
[White "Aziz Ortego, Omar Luis"]
[Black "Garcia Serrano, Jose Manuel"]
[Result "0-1"]
[WhiteElo "2069"]
[BlackElo "1843"]
[PlyCount "42"]
[EventDate "2017.09.04"]
[EventType "swiss"]
[EventRounds "9"]
[EventCountry "ESP"]
[SourceTitle "Ajedrez en Madrid"]
[Source "lmi"]
[SourceDate "2017.09.04"]
[SourceVersion "1"]
[SourceVersionDate "2018.03.05"]
[SourceQuality "1"]

1. c4 e5 2. Nc3 Nf6 3. e4 Bc5 4. d3 h6 5. a3 a5 6. Be2 d6 7. Nf3 Nc6 8. Be3 Bg4
9. Bxc5 dxc5 10. Nd5 Bxf3 11. Bxf3 Nd4 12. Bg4 Nxg4 13. Qxg4 Nc2+ 14. Ke2 Nd4+
15. Kf1 O-O 16. Rd1 f5 17. exf5 Nxf5 18. Qe4 Qg5 19. Kg1 c6 20. Ne3 Nh4 21. g3
Rf4 0-1

[Event "6. Torneo Distrito Chamartin 2017"]
[Site "Madrid ESP"]
[Date "2017.09.10"]
[Round "9.16"]
[White "Marcos Herrero, Francisco"]
[Black "Blesa Fernandez, Francisco"]
[Result "0-1"]
[WhiteElo "1872"]
[BlackElo "2010"]
[PlyCount "108"]
[EventDate "2017.09.04"]
[EventType "swiss"]
[EventRounds "9"]
[EventCountry "ESP"]
[SourceTitle "Ajedrez en Madrid"]
[Source "lmi"]
[SourceDate "2017.09.04"]
[SourceVersion "1"]
[SourceVersionDate "2018.03.05"]
[SourceQuality "1"]

1. Nf3 Nf6 2. c4 c6 3. b3 d5 4. Bb2 Bf5 5. g3 e6 6. Bg2 Nbd7 7. O-O Bd6 8. d3
Qe7 9. Nbd2 O-O 10. a3 a5 11. Ra2 e5 12. Nh4 Bg4 13. h3 Bh5 14. Nf5 Qe6 15.
Nxd6 Qxd6 16. f4 exf4 17. Rxf4 Rfe8 18. Nf3 h6 19. Nd4 Bg6 20. Bc1 Nh5 21. Rf3
Nxg3 22. Bf4 Qc5 23. Rxg3 Qxd4+ 24. e3 Qxd3 25. Rd2 Qb1 26. Qxb1 Bxb1 27. Bxh6
Kh7 28. Rd4 gxh6 29. cxd5 cxd5 30. Bxd5 Rg8 31. Kg2 Rxg3+ 32. Kxg3 Ne5 33. Bxb7
Rb8 34. Bd5 Kg7 35. Ra4 Rb5 36. e4 Bc2 37. Kf4 f6 38. Kf5 Bxb3 39. Bxb3 Rxb3
40. Rxa5 Rf3+ 41. Ke6 Rxh3 42. Ra7+ Kg6 43. Ra8 Kg5 44. Rg8+ Kf4 45. Kxf6 Rxa3
46. Rh8 Ra6+ 47. Kg7 Rg6+ 48. Kf8 Kxe4 49. Rh7 Kf5 50. Re7 Kf6 51. Ra7 h5 52.
Ra6+ Kf5 53. Ra5 h4 54. Ra1 h3 0-1

[Event "6. Torneo Distrito Chamartin 2017"]
[Site "Madrid ESP"]
[Date "2017.09.10"]
[Round "9.17"]
[White "Cabañas Bravo, Juan Andres"]
[Black "Perez Gonzalez, Daniel"]
[Result "0-1"]
[WhiteElo "2009"]
[BlackElo "1894"]
[PlyCount "62"]
[EventDate "2017.09.04"]
[EventType "swiss"]
[EventRounds "9"]
[EventCountry "ESP"]
[SourceTitle "Ajedrez en Madrid"]
[Source "lmi"]
[SourceDate "2017.09.04"]
[SourceVersion "1"]
[SourceVersionDate "2018.03.05"]
[SourceQuality "1"]

1. e4 c5 2. Nf3 d6 3. d4 cxd4 4. Nxd4 Nf6 5. Nc3 a6 6. Bg5 e6 7. f4 Be7 8. Qf3
h6 9. Bh4 Qc7 10. f5 Nc6 11. O-O-O O-O 12. Be2 Ne5 13. Qh3 b5 14. a3 Bb7 15.
Bxf6 Bxf6 16. fxe6 b4 17. exf7+ Rxf7 18. axb4 a5 19. bxa5 Bg5+ 20. Kb1 Qxa5 21.
Nb3 Qa7 22. Qe6 Kh8 23. h4 Bf4 24. Rhf1 Bxe4 25. Rxf4 Rxf4 26. Rxd6 Qe3 27.
Nxe4 Rxe4 28. Qd5 Rf8 29. Nc5 Rxh4 30. g3 Rh2 31. Ne6 Qxe2 0-1

[Event "6. Torneo Distrito Chamartin 2017"]
[Site "Madrid ESP"]
[Date "2017.09.10"]
[Round "9.18"]
[White "Lobato Lavin, Alvaro"]
[Black "Calvo De Castro, Miguel"]
[Result "1-0"]
[WhiteElo "1937"]
[BlackElo "1836"]
[PlyCount "107"]
[EventDate "2017.09.04"]
[EventType "swiss"]
[EventRounds "9"]
[EventCountry "ESP"]
[SourceTitle "Ajedrez en Madrid"]
[Source "lmi"]
[SourceDate "2017.09.04"]
[SourceVersion "1"]
[SourceVersionDate "2018.03.05"]
[SourceQuality "1"]

1. e4 c5 2. Nf3 Nc6 3. d4 cxd4 4. c3 g6 5. cxd4 Bg7 6. Nc3 d6 7. Be2 Nf6 8. O-O
O-O 9. h3 b6 10. d5 Nb8 11. Bf4 Nbd7 12. Re1 Nc5 13. Bf1 a5 14. Nd4 Bb7 15. Bh2
Nfd7 16. f4 Rc8 17. Rc1 Re8 18. Qd2 Qc7 19. Nf3 Nf8 20. e5 dxe5 21. fxe5 e6 22.
d6 Qb8 23. Nd4 Nfd7 24. Bb5 Red8 25. Qe3 Qa8 26. Re2 Ne4 27. Bxd7 Nxc3 28. bxc3
Rxd7 29. Rf2 Rc5 30. Rb1 Qa6 31. a4 Bc6 32. Nxc6 Rxc6 33. Rfb2 Rb7 34. Bf4 Qc4
35. Qd4 Qxd4+ 36. cxd4 Kf8 37. Rb5 Ke8 38. Rxa5 Rc4 39. Be3 Kd7 40. Rab5 Rc3
41. Bf2 Bh6 42. Rxb6 Rxb6 43. Rxb6 Rc1+ 44. Kh2 Bf4+ 45. g3 Rc2 46. gxf4 Rxf2+
47. Kg3 Ra2 48. Rb7+ Ke8 49. Ra7 h6 50. a5 Ra4 51. a6 Rxd4 52. Re7+ Kf8 53. a7
Ra4 54. Rb7 1-0

[Event "6. Torneo Distrito Chamartin 2017"]
[Site "Madrid ESP"]
[Date "2017.09.10"]
[Round "9.19"]
[White "Zhou, Lulu"]
[Black "Picazo Sancho, Alvaro"]
[Result "1/2-1/2"]
[WhiteElo "1928"]
[BlackElo "1772"]
[PlyCount "42"]
[EventDate "2017.09.04"]
[EventType "swiss"]
[EventRounds "9"]
[EventCountry "ESP"]
[SourceTitle "Ajedrez en Madrid"]
[Source "lmi"]
[SourceDate "2017.09.04"]
[SourceVersion "1"]
[SourceVersionDate "2018.03.05"]
[SourceQuality "1"]

1. e4 c5 2. Nf3 e6 3. d4 cxd4 4. Nxd4 a6 5. Nc3 Nc6 6. Be3 Nf6 7. Bd3 Qc7 8.
O-O Nxd4 9. Bxd4 Bc5 10. Bxc5 Qxc5 11. Kh1 b5 12. a3 Bb7 13. Qe2 d6 14. f4 h5
15. Qf2 h4 16. Qxc5 dxc5 17. Rfe1 c4 18. Bf1 O-O-O 19. e5 Nd5 20. Nxd5 Rxd5 21.
Rad1 Rhd8 1/2-1/2

[Event "6. Torneo Distrito Chamartin 2017"]
[Site "Madrid ESP"]
[Date "2017.09.10"]
[Round "9.20"]
[White "Camarero Izquierdo, Juan Carlos"]
[Black "Alonso Abad, Enrique"]
[Result "0-1"]
[WhiteElo "1844"]
[BlackElo "1923"]
[PlyCount "86"]
[EventDate "2017.09.04"]
[EventType "swiss"]
[EventRounds "9"]
[EventCountry "ESP"]
[SourceTitle "Ajedrez en Madrid"]
[Source "lmi"]
[SourceDate "2017.09.04"]
[SourceVersion "1"]
[SourceVersionDate "2018.03.05"]
[SourceQuality "1"]

1. d4 e6 2. Nc3 d5 3. e4 Nf6 4. e5 Nfd7 5. f4 c5 6. dxc5 Nc6 7. Nf3 Bxc5 8. Bd3
a6 9. Ng5 Nb4 10. Bxh7 Rxh7 11. a3 Nc6 12. Nxh7 Qh4+ 13. g3 Qxh7 14. Qd3 Qxd3
15. cxd3 Nd4 16. Rb1 Nb3 17. Bd2 b5 18. Na2 Bb7 19. Ke2 Ke7 20. Bb4 a5 21.
Bxc5+ Ndxc5 22. Rhd1 Nd4+ 23. Kf2 Ncb3 24. Nc3 Rc8 25. Ke3 b4 26. axb4 axb4 27.
Ne2 Nxe2 28. Kxe2 Rc2+ 29. Ke1 d4 30. Ra1 Nxa1 31. Rxa1 Kd7 32. b3 Rb2 33. h4
Kc7 34. Rc1+ Kb6 35. Rc4 Rxb3 36. Rxd4 Bd5 37. f5 Kc5 38. Rg4 Rxd3 39. f6 gxf6
40. Rg8 b3 41. Ke2 b2 42. Rc8+ Kd4 43. Rb8 Rb3 0-1

[Event "6. Torneo Distrito Chamartin 2017"]
[Site "Madrid ESP"]
[Date "2017.09.10"]
[Round "9.21"]
[White "Lozano Freras, Sergio"]
[Black "Sanchez Rivero, Miguel"]
[Result "1-0"]
[WhiteElo "1969"]
[BlackElo "1716"]
[PlyCount "67"]
[EventDate "2017.09.04"]
[EventType "swiss"]
[EventRounds "9"]
[EventCountry "ESP"]
[SourceTitle "Ajedrez en Madrid"]
[Source "lmi"]
[SourceDate "2017.09.04"]
[SourceVersion "1"]
[SourceVersionDate "2018.03.05"]
[SourceQuality "1"]

1. e4 c5 2. Nf3 d6 3. d4 cxd4 4. Nxd4 Nf6 5. Nc3 a6 6. h3 e6 7. g4 h6 8. Be3
Nc6 9. Qe2 Nxd4 10. Bxd4 e5 11. Be3 b5 12. Bg2 Bb7 13. a3 Be7 14. Rd1 Qa5 15.
O-O b4 16. Nd5 Nxd5 17. exd5 bxa3 18. bxa3 O-O 19. Be4 Bg5 20. Bxg5 hxg5 21.
Qe3 f6 22. Qf3 Bc8 23. Qd3 Bd7 24. Bh7+ Kh8 25. Rb1 Rab8 26. Bg6 Qa4 27. c4 Qa5
28. Kg2 Qc7 29. h4 Rxb1 30. hxg5 Bxg4 31. Rxb1 fxg5 32. Rh1+ Kg8 33. Bh7+ Kf7
34. Qg6+ 1-0

[Event "6. Torneo Distrito Chamartin 2017"]
[Site "Madrid ESP"]
[Date "2017.09.10"]
[Round "9.22"]
[White "Barragan Arriaza, Pablo"]
[Black "Gomez Gonzalez, Jose Antonio"]
[Result "1/2-1/2"]
[WhiteElo "1908"]
[BlackElo "1692"]
[PlyCount "82"]
[EventDate "2017.09.04"]
[EventType "swiss"]
[EventRounds "9"]
[EventCountry "ESP"]
[SourceTitle "Ajedrez en Madrid"]
[Source "lmi"]
[SourceDate "2017.09.04"]
[SourceVersion "1"]
[SourceVersionDate "2018.03.05"]
[SourceQuality "1"]

1. c4 Nf6 2. g3 e5 3. Bg2 Nc6 4. d3 g6 5. Nc3 Bg7 6. Rb1 a5 7. a3 O-O 8. e3 d6
9. Nge2 Ne7 10. O-O Nd7 11. b4 axb4 12. axb4 c6 13. b5 Nc5 14. d4 exd4 15. exd4
Nd7 16. bxc6 bxc6 17. Bf4 Nf6 18. c5 dxc5 19. dxc5 Nfd5 20. Nxd5 Nxd5 21. Bd6
Re8 22. Bxd5 cxd5 23. Nf4 Ba6 24. Re1 Rxe1+ 25. Qxe1 Bc4 26. Qb4 Qd7 27. Ng2
Bd4 28. Re1 Qh3 29. Ne3 Bxe3 30. fxe3 h5 31. Be5 h4 32. Qb6 hxg3 33. hxg3 Qe6
34. Qxe6 fxe6 35. Rb1 Rc8 36. Bd4 e5 37. Bxe5 Rxc5 38. Rb7 Rc6 39. Kh2 Re6 40.
Bd4 Bd3 41. Rg7+ Kf8 1/2-1/2

[Event "6. Torneo Distrito Chamartin 2017"]
[Site "Madrid ESP"]
[Date "2017.09.10"]
[Round "9.23"]
[White "Viñas Lopez, Carlos"]
[Black "Barragan Panal, Juan Jose"]
[Result "1-0"]
[WhiteElo "1894"]
[BlackElo "1683"]
[PlyCount "89"]
[EventDate "2017.09.04"]
[EventType "swiss"]
[EventRounds "9"]
[EventCountry "ESP"]
[SourceTitle "Ajedrez en Madrid"]
[Source "lmi"]
[SourceDate "2017.09.04"]
[SourceVersion "1"]
[SourceVersionDate "2018.03.05"]
[SourceQuality "1"]

1. d4 Nf6 2. Bg5 Ne4 3. Bf4 e6 4. f3 Nf6 5. e4 d6 6. Nc3 Nbd7 7. Qd2 e5 8. Be3
Be7 9. Bc4 exd4 10. Bxd4 Ne5 11. Bb3 Be6 12. Bxe6 fxe6 13. Nge2 Nc4 14. Qd3 Nb6
15. O-O-O e5 16. Bf2 Nh5 17. Kb1 g5 18. h4 Nf4 19. Nxf4 gxf4 20. g3 fxg3 21.
Bxg3 Qd7 22. Qe3 O-O-O 23. Bxe5 Rhg8 24. Bf4 Qe6 25. Bg5 Kb8 26. Bxe7 Qxe7 27.
Nd5 Nxd5 28. Rxd5 Rg3 29. Rg5 Rg8 30. Rg1 Rxg1+ 31. Qxg1 Rf8 32. Rg8 b6 33. a3
Kb7 34. Rxf8 Qxf8 35. Qg4 Qf6 36. f4 Kc6 37. h5 Qd4 38. Qf3 Qg1+ 39. Ka2 Kd7
40. Qh3+ Kc6 41. Qe6 Qd1 42. f5 Qxh5 43. f6 Qe5 44. Qxe5 dxe5 45. f7 1-0

[Event "6. Torneo Distrito Chamartin 2017"]
[Site "Madrid ESP"]
[Date "2017.09.10"]
[Round "9.24"]
[White "Tarrio Ocaña, Jose Manuel"]
[Black "Osuna Osuna, Francisco"]
[Result "1-0"]
[WhiteElo "1869"]
[BlackElo "1574"]
[PlyCount "63"]
[EventDate "2017.09.04"]
[EventType "swiss"]
[EventRounds "9"]
[EventCountry "ESP"]
[SourceTitle "Ajedrez en Madrid"]
[Source "lmi"]
[SourceDate "2017.09.04"]
[SourceVersion "1"]
[SourceVersionDate "2018.03.05"]
[SourceQuality "1"]

1. e4 d5 2. exd5 Qxd5 3. Nc3 Qa5 4. d4 Nf6 5. Nf3 Bf5 6. Bd3 c6 7. O-O Bxd3 8.
Qxd3 e6 9. Bf4 Be7 10. Rfe1 Nbd7 11. a3 Qf5 12. Qxf5 exf5 13. Bd6 Ng8 14. Bxe7
Nxe7 15. d5 Kd8 16. Ng5 Nxd5 17. Nxd5 cxd5 18. Nxf7+ Kc7 19. Nxh8 Rxh8 20. Re7
g6 21. Rae1 Kd8 22. Rg7 Nc5 23. Ree7 a6 24. b4 Ne4 25. Rxb7 Kc8 26. Ra7 Kb8 27.
Rxh7 Re8 28. Rhb7+ Kc8 29. Ra8+ Kxb7 30. Rxe8 Nd6 31. Re7+ Kb8 32. Re6 1-0

[Event "6. Torneo Distrito Chamartin 2017"]
[Site "Madrid ESP"]
[Date "2017.09.10"]
[Round "9.25"]
[White "Fernandez Aransay, Fernando"]
[Black "Algaba Traspuesto, Jose Antonio"]
[Result "1-0"]
[WhiteElo "1844"]
[BlackElo "1566"]
[PlyCount "60"]
[EventDate "2017.09.04"]
[EventType "swiss"]
[EventRounds "9"]
[EventCountry "ESP"]
[SourceTitle "Ajedrez en Madrid"]
[Source "lmi"]
[SourceDate "2017.09.04"]
[SourceVersion "1"]
[SourceVersionDate "2018.03.05"]
[SourceQuality "1"]

1. e4 d6 2. d4 Nf6 3. Nc3 c6 4. f3 e5 5. Be3 Be7 6. Qd2 Nbd7 7. h4 b5 8. Nh3
Nh5 9. Bf2 Bxh4 10. O-O-O Ng3 11. Bxg3 Bxg3 12. dxe5 Nxe5 13. Qxd6 Qxd6 14.
Rxd6 O-O 15. Rd1 Be6 16. Kb1 Rfd8 17. Be2 Nc4 18. Ng5 Ne3 19. Rxd8+ Rxd8 20.
Nxe6 fxe6 21. Bd3 a6 22. Ne2 Bc7 23. g3 c5 24. e5 h6 25. f4 c4 26. Be4 Rd1+ 27.
Rxd1 Nxd1 28. Bb7 a5 29. Ba6 b4 30. Bxc4 Ne3 1-0

[Event "6. Torneo Distrito Chamartin 2017"]
[Site "Madrid ESP"]
[Date "2017.09.10"]
[Round "9.27"]
[White "Juzgado Niella, Angel Luis"]
[Black "Clavero Alarcon, Jose Miguel"]
[Result "1/2-1/2"]
[WhiteElo "1620"]
[BlackElo "1824"]
[PlyCount "44"]
[EventDate "2017.09.04"]
[EventType "swiss"]
[EventRounds "9"]
[EventCountry "ESP"]
[SourceTitle "Ajedrez en Madrid"]
[Source "lmi"]
[SourceDate "2017.09.04"]
[SourceVersion "1"]
[SourceVersionDate "2018.03.05"]
[SourceQuality "1"]

1. e4 c5 2. Nf3 e6 3. d4 cxd4 4. Nxd4 a6 5. Nc3 b5 6. Be3 Bb7 7. f3 Nf6 8. Qd2
Qc7 9. g4 h6 10. Nce2 Nc6 11. Nxc6 dxc6 12. O-O-O Nd7 13. Bf4 e5 14. Be3 O-O-O
15. Ng3 g5 16. Qf2 Be7 17. h4 Qa5 18. Kb1 Nc5 19. Bh3 Ne6 20. Bb6 Rxd1+ 21.
Rxd1 Qb4 22. a3 Qa4 1/2-1/2

[Event "6. Torneo Distrito Chamartin 2017"]
[Site "Madrid ESP"]
[Date "2017.09.10"]
[Round "9.28"]
[White "Callejo Hernanz, Jesus Maria"]
[Black "Tudela Garcia, Antonio"]
[Result "1-0"]
[WhiteElo "1820"]
[BlackElo "1593"]
[PlyCount "93"]
[EventDate "2017.09.04"]
[EventType "swiss"]
[EventRounds "9"]
[EventCountry "ESP"]
[SourceTitle "Ajedrez en Madrid"]
[Source "lmi"]
[SourceDate "2017.09.04"]
[SourceVersion "1"]
[SourceVersionDate "2018.03.05"]
[SourceQuality "1"]

1. d4 Nf6 2. Nf3 e6 3. g3 b6 4. Bg2 Bb7 5. O-O Be7 6. c4 O-O 7. Nc3 Ne4 8. Qc2
Nxc3 9. bxc3 f5 10. a4 Nc6 11. Rd1 d5 12. cxd5 exd5 13. Ba3 Na5 14. Bxe7 Qxe7
15. Ne5 c5 16. Qb2 cxd4 17. cxd4 Nc4 18. Nxc4 dxc4 19. Qb5 Rac8 20. Bxb7 Qxb7
21. a5 Qc6 22. Qxc6 Rxc6 23. axb6 axb6 24. Rab1 c3 25. Rdc1 Rfc8 26. Rc2 Kf7
27. e3 Ke6 28. Rb5 Rd6 29. Kf1 g6 30. Ke2 Kf6 31. Kd3 Ra8 32. Rxc3 Ra1 33. Rc2
h5 34. h4 Ra8 35. Rcb2 Rb8 36. f3 Kf7 37. d5 Re8 38. Kd4 Red8 39. e4 fxe4 40.
fxe4 Rf6 41. Rxb6 Rf1 42. Rb7+ Kf8 43. R2b3 Kg8 44. Rb8 Rd1+ 45. Ke5 Rxb8 46.
Rxb8+ Kg7 47. Rb7+ 1-0